000 01405 a2200229 4500
999 _c10918
_d10918
020 _a9781119451662
050 0 0 _aQD415
_bVOE 2016
100 1 _aVoet, Donald.
_eauthor
245 1 0 _aVoet's principles of biochemistry /
_cDonald Voet
264 _aNew Jersey :
_bWiley,
_c2016
300 _axvi; 1098pages:
_b illustrations (some color)
336 _2text
_ardacontent
_btxt
337 _2unmediated
_ardamedia
_bn
338 _2volume
_ardacarrier
_bnc
504 _aIncludes index.
505 0 _aAddresses the enormous advances in biochemistry, particularly in the areas of structural biology and bioinformatics. It provides a solid biochemical foundation that is rooted in chemistry to prepare students for the scientific challenges of the future. New information related to advances in biochemistry and experimental approaches for studying complex systems are introduced. Notes on a variety of human diseases and pharmacological effectors have been expanded to reflect recent research findings. While continuing in its tradition of presenting complete and balanced coverage, this Global Edition includes new pedagogy and enhanced visuals that provide a clear pathway for student learning
650 0 _aBiochemistry
700 1 _aVoet, Judith G.
_eauthor
700 1 _aPratt, Charlotte W.
_eauthor
942 _2lcc
_cBK
_h415
_iVOE
_kQD